|
|
|
|
| LEADER |
00000naa a2200000uu 4500 |
| 001 |
vtls011088210 |
| 003 |
SK-MaSNL |
| 005 |
20260302141407.0 |
| 008 |
210905|1997 xo |||||||||||||||||eng| |
| 015 |
|
|
|a SNBRA
|
| 035 |
|
|
|a (urnnbn)urn:nbn:sk:snk:ar-a0co75
|
| 035 |
|
|
|a (uuid)4651720a-817e-4224-b638-bcb52c1c93c9
|
| 035 |
|
|
|a urn:nbn:sk:snk-aavu0j
|
| 040 |
|
|
|a SNKBUCL
|b slo
|c SNKBUCL
|e AACR2
|
| 041 |
0 |
|
|a eng
|
| 044 |
|
|
|a xo
|c SK
|
| 100 |
1 |
|
|a Gorelik, A. G.
|4 aut
|9 828719
|
| 245 |
1 |
0 |
|a Intelligence Graphical System Based on Relations
|c A. G. Gorelik
|
| 773 |
0 |
|
|t Nové trendy v strojárstve na prahu tretieho tisícročia
|d Košice : Štroffek, 1997
|g S. 29-32
|z 8096763687
|
| 958 |
|
|
|a OND
|
| 958 |
|
|
|a article12
|
| 958 |
|
|
|a chapter
|
| 999 |
|
|
|c 1335421
|d 1337351
|